POSIX.4 : programming for the real world

Αποθηκεύτηκε σε:
Λεπτομέρειες βιβλιογραφικής εγγραφής
Κύριος συγγραφέας: Gallmeister, Bill O.
Μορφή: Βιβλίο
Γλώσσα:English
Δημοσίευση: Sebastopol, CA : O'Reilly & Associates, c1995
Θέματα:
Ετικέτες: Προσθήκη ετικέτας
Δεν υπάρχουν, Καταχωρήστε ετικέτα πρώτοι!

MARC

LEADER 00000cam a2200000 i 4500
001 1/96028
008 991213s1995 eng d
020 |a 1-56592-074-0 
035 |l 10055573 
040 |a GR-MY-UA  |b gre  |e aacr 
041 0 |a eng 
082 0 |a 005.2 
100 1 |a Gallmeister, Bill O. 
245 1 0 |a POSIX.4 :  |b programming for the real world /  |c Bill O. Gallmeister 
260 |a Sebastopol, CA :   |b O'Reilly & Associates,   |c c1995 
300 |a xviii, 548 p.;  |b ill.;  |c 23 cm. 
504 |a Includes bibliographical references (p. 529-530) and index 
650 0 0 |a Real-time programming. 
650 0 0 |a POSIX (Computer software standard) 
852 |a INST  |b SAMOS  |e 19991213  |h 005.2 GAL  |p 005300016359  |q 005300016359  |t BK  |y 0 
901 |a BIBL3-2000-2 
909 |a Σ  |b 071056 
922 |a 3ΕΛΗ  |b 199911  |c ΤΠΕΣ  |d ΠΑΠΑΣΩΤΗΡΙΟΥ 
950 |a 133-1999-07-20 
970 |z 2000/05/ΜΠΡΑΤΤΗΣ